Language Quiz

Random Language or Letter Quiz

Misspelled Americas Blitz Quiz Stats

 Plays Quiz Updated Jul 2, 2013

Challenge
Share
Tweet
Embed
Score 0/18 Timer 02:00
11 Plays Today
% Correct
El Salvedor
96.6%
Belieze
96%
Jaimaca
95.3%
Dorninicin Republic
95.2%
Honduros
95.1%
Gyana
94%
Antigua and Barbada
93.6%
Bolvia
92.4%
Surinami
90.2%
% Correct
Saint Kits and Nevis
89%
Saint Luca
88.6%
Nicarauga
87.2%
Dominca
86.1%
Trinidad and Tabago
84.6%
Venezeula
81.4%
Columbia
77.4%
Granada
76.7%
Equador
71.2%

You're not logged in!

Compare scores with friends on all Sporcle quizzes.
Join for Free
OR
Log In

Show Comments

Extras

Top Quizzes Today


Score Distribution

Your Account Isn't Verified!

In order to create a playlist on Sporcle, you need to verify the email address you used during registration. Go to your Sporcle Settings to finish the process.

Report this User

Report this user for behavior that violates our Community Guidelines.

Details: